Zdravotníctvo v sieti verejného sektora v období prechodu na trhové hospodárstvo v Slovenskej republike.

Cieľ reformy zdravotníckeho systému: vytvorenie zmiešaného systému verejného zdravotníctva, súkromného sektora a iných neštátnych foriem zdravotníckej starostlivosti (plurality konkurencieschopných subjektov s rôznymi formami a účelom). Materiálno-technická základňa zdravotníckych služieb, vek zákla...

Descrizione completa

Salvato in:
Dettagli Bibliografici
Autore principale: Azudová, Ľubica
Natura: Capitolo di libro
Lingua:slovacco
Soggetti:
Tags: Aggiungi Tag
Nessun Tag, puoi essere il primo ad aggiungerne!!

MARC

LEADER 00000naa a2200000 4500
001 r009993
005 20220831090116.6
041 0 |a slo 
044 |a [CS] 
245 1 0 |a Zdravotníctvo v sieti verejného sektora v období prechodu na trhové hospodárstvo v Slovenskej republike.  |c Ľubica Azudová 
520 |a Cieľ reformy zdravotníckeho systému: vytvorenie zmiešaného systému verejného zdravotníctva, súkromného sektora a iných neštátnych foriem zdravotníckej starostlivosti (plurality konkurencieschopných subjektov s rôznymi formami a účelom). Materiálno-technická základňa zdravotníckych služieb, vek základných prostriedkov a škody spôsobené pozastavením stavieb zdravotníckych zariadení. Úloha štátu pri zabezpečovaní zdravotnej starostlivosti. 
610 2 0 |a zdravotníctvo 
610 2 0 |a sektor verejný 
610 2 0 |a hospodárstvo trhové 
610 2 0 |a Slovensko 
610 2 0 |a základňa materiálno-technická 
610 2 0 |a starostlivosť zdravotná 
610 2 0 |a prostriedky základné 
100 1 |a Azudová, Ľubica